Top 10 des objets qu'on perd le plus souvent - ChatGPT - Statistiques

Statistiques générales
  • Ce quiz a été pris 78 fois
  • Le résultat moyen est 5 sur 10
Statistiques - réponses
Box-office % Correct
2nd Le téléphone portable
96%
1er Les clés
93%
3e Le porte-monnaie
68%
5e Les lunettes
56%
4e Les écouteurs
43%
9e Les vêtements
43%
10e Les bijoux
40%
6e Les chargeurs
40%
7e Les papiers importants
32%
8e La télécommande de la télé
31%
Aucun quiz correspondant
Distribution des résultats
% des personnes avec chaque résultat
Percentile par nombre de réponses
Votre historique - résultats
Vous n’avez pas pris ce quiz